5 Seconds of Summer (5SOS)&The Chainsmokers - Who Do You Love - lyrics - Statistics

General Stats
  • This quiz has been taken 24 times
  • The average score is 478 of 512
Answer Stats
Answer % Correct
actin'
100%
been
100%
do
100%
don't
100%
I
100%
know
100%
know,
100%
love
100%
love,
100%
love?
100%
no
100%
on
100%
so
100%
So,
100%
the
100%
truth
100%
wanna
100%
we
100%
when
100%
Who
100%
who
100%
(Who)
100%
Yeah
100%
Yeah,
100%
(Yeah)
100%
you
100%
You
100%
you,
100%
your
100%
You're
100%
you're
100%
you've
100%
access
94%
can
94%
changin'
94%
coat
94%
different
94%
Even
94%
even
94%
Found
94%
in
94%
it
94%
makin'
94%
me,
94%
me
94%
movin'
94%
Movin'
94%
much
94%
smoke
94%
tell
94%
tell,
94%
think
94%
though
94%
too
94%
where
94%
Baby,
88%
baby,
88%
cigarettes
88%
Fendi
88%
is
88%
it's
88%
keep
88%
make
88%
new
88%
night,
88%
now?
88%
Now,
88%
now,
88%
say
88%
sleepin'?
88%
someone
88%
codes
81%
conspicuous
81%
easy,
81%
flip
81%
gotta
81%
just
81%
keepin'
81%
Oh,
81%
one
81%
This
81%
up
81%
We're
81%
we're
81%
Always
75%
at
75%
can't
75%
shit
75%
admit
69%
Cause
69%
eye
69%
knew
69%
look
69%
lyin'
69%
alibi
63%
switchin'
63%
ain't
56%
while
56%
reply
50%
stutterin'
44%
(Woah)
44%
Well,
25%
Or
19%
No matching quizzes found
Score Distribution
Percent of People with Each Score
Percentile by Number Answered
Your Score History
You have not taken this quiz